[Event "LSS No Engine Cup 113 Preliminary 5"]
[Site "LSS email"]
[Date "2014.07.06"]
[Round "?"]
[White "Ikonomopoulos, Ilias"]
[Black "Garcia, Javier N"]
[Result "0-1"]
[WhiteElo "998"]
[BlackElo "749"]
[PlyCount "62"]
[EventDate "2014.07.07"]
[EventType "tourn (corr)"]
[EventRounds "6"]
[EventCountry "GER"]
[SourceTitle "Corr 2015"]
[Source "ChessBase"]
[SourceDate "2015.07.17"]
[SourceVersion "1"]
[SourceVersionDate "2015.07.17"]
[SourceQuality "1"]

1. d4 Nf6 2. Bf4 d6 3. Nc3 Nc6 4. e3 g6 5. Nf3 Bg4 6. h3 Bxf3 7. Qxf3 Nb4 8. 0-0-0 c6 9. e4 Bg7 10. a3 Na6 11. Bxa6 bxa6 12. e5 Nd5 13. Nxd5 cxd5 14. Qxd5 dxe5 15. dxe5 Qxd5 16. Rxd5 0-0 17. Rhd1 e6 18. Rd6 Rfc8 19. Rxa6 Rc5 20. Rad6 Bxe5 21. Rd8+ Rxd8 22. Rxd8+ Kg7 23. Bxe5+ Rxe5 24. Kd2 Rf5 25. f3 Rg5 26. g4 Rb5 27. b3 Ra5 28. a4 h5 29. Rd7 hxg4 30. hxg4 Kf6 31. Kd3 g5 0-1

[Event "LSS No Engine Cup 113 Preliminary 5"]
[Site "LSS email"]
[Date "2014.07.06"]
[Round "?"]
[White "Ikonomopoulos, Ilias"]
[Black "Werner, Guenter"]
[Result "0-1"]
[WhiteElo "998"]
[BlackElo "1072"]
[PlyCount "36"]
[EventDate "2014.07.07"]
[EventType "tourn (corr)"]
[EventRounds "6"]
[EventCountry "GER"]
[SourceTitle "Corr 2015"]
[Source "ChessBase"]
[SourceDate "2015.07.17"]
[SourceVersion "1"]
[SourceVersionDate "2015.07.17"]
[SourceQuality "1"]

1. d4 Nf6 2. c4 e6 3. Nc3 Bb4 4. a3 Bxc3+ 5. bxc3 b6 6. f3 Bb7 7. e4 d6 8. Bd3 c5 9. Ne2 0-0 10. 0-0 Nc6 11. Be3 Ne7 12. Qb3 Qd7 13. Rab1 Bc6 14. Nf4 Ba4 15. Qb2 Rab8 16. e5 Ne8 17. exd6 Nxd6 18. dxc5 e5 0-1

[Event "LSS No Engine Cup 113 Preliminary 5"]
[Site "LSS email"]
[Date "2014.07.06"]
[Round "?"]
[White "Stadler, Pavel"]
[Black "Ikonomopoulos, Ilias"]
[Result "1-0"]
[WhiteElo "1304"]
[BlackElo "998"]
[PlyCount "70"]
[EventDate "2014.07.07"]
[EventType "tourn (corr)"]
[EventRounds "6"]
[EventCountry "GER"]
[SourceTitle "Corr 2015"]
[Source "ChessBase"]
[SourceDate "2015.07.17"]
[SourceVersion "1"]
[SourceVersionDate "2015.07.17"]
[SourceQuality "1"]

1. e4 e5 2. Nf3 Nc6 3. Bb5 a6 4. Ba4 Nf6 5. 0-0 Nxe4 6. Re1 Nc5 7. Bxc6 dxc6 8. Nxe5 Be7 9. d4 Ne6 10. c3 0-0 11. Be3 Re8 12. Nd2 f6 13. Nd3 Bf8 14. Nf1 b6 15. Ng3 Bb7 16. Qb3 Kh8 17. Nf4 Nxf4 18. Bxf4 Qd7 19. h3 Bd6 20. Bxd6 Qxd6 21. Nf5 Qd5 22. Qxd5 cxd5 23. f4 Kg8 24. Kf2 Kf7 25. Rxe8 Rxe8 26. Re1 Rxe1 27. Kxe1 Bc8 28. Ne3 Ke6 29. Kf2 g6 30. g4 c5 31. Kf3 Kd6 32. h4 Bd7 33. f5 Be8 34. Kf4 Bf7 35. g5 gxf5 1-0

[Event "LSS No Engine Cup 112 Preliminary 2"]
[Site "LSS email"]
[Date "2014.06.17"]
[Round "?"]
[White "Cole, Steve"]
[Black "Ikonomopoulos, Ilias"]
[Result "1-0"]
[WhiteElo "1434"]
[BlackElo "998"]
[PlyCount "37"]
[EventDate "2014.06.18"]
[EventType "tourn (corr)"]
[EventRounds "6"]
[EventCountry "GER"]
[SourceTitle "Corr 2015"]
[Source "ChessBase"]
[SourceDate "2015.07.17"]
[SourceVersion "1"]
[SourceVersionDate "2015.07.17"]
[SourceQuality "1"]

1. e4 e5 2. Nf3 Nc6 3. Bb5 a6 4. Ba4 Nf6 5. 0-0 Nxe4 6. d4 b5 7. Bb3 d5 8. dxe5 Be6 9. c3 Nc5 10. Nbd2 d4 11. Bxe6 Nxe6 12. cxd4 Ncxd4 13. Nb3 Nxb3 14. Qxb3 Bc5 15. Rd1 Qe7 16. a4 Rb8 17. axb5 axb5 18. Bg5 Nxg5 19. Qxb5+ 1-0

[Event "RF-2014-0-00188"]
[Site "LSS email"]
[Date "2014.05.26"]
[Round "?"]
[White "Raines, David T"]
[Black "Ikonomopoulos, Ilias"]
[Result "0-1"]
[WhiteElo "1088"]
[BlackElo "800"]
[PlyCount "70"]
[EventDate "2014.04.27"]
[EventType "tourn (corr)"]
[EventRounds "6"]
[EventCountry "GER"]
[SourceTitle "Corr 2022"]
[Source "ChessBase"]
[SourceDate "2021.10.24"]
[SourceVersion "1"]
[SourceVersionDate "2021.10.24"]
[SourceQuality "1"]

1. d4 d5 2. Nf3 Nf6 3. c4 c6 4. Nc3 Bf5 5. cxd5 cxd5 6. Bf4 Nc6 7. e3 e6 8. Bb5 Nd7 9. 0-0 Be7 10. Rc1 0-0 11. a3 Rc8 12. b4 a5 13. Bxc6 bxc6 14. Qb3 axb4 15. axb4 Qb6 16. Na2 c5 17. dxc5 Nxc5 18. Qc3 Nd3 19. Qxc8 Rxc8 20. Rxc8+ Bf8 21. Rb8 Qc6 22. Nd4 Qd7 23. Bg3 e5 24. Nxf5 Qxf5 25. Ra1 g6 26. Nc1 Nxc1 27. Rxc1 Kg7 28. h3 d4 29. exd4 exd4 30. Rd1 Qd5 31. f3 d3 32. Be1 Qd4+ 33. Kf1 Be7 34. Bf2 Qc3 35. Be1 Qe5 0-1

[Event "OP-2014-0-03405"]
[Site "LSS email"]
[Date "2014.05.22"]
[Round "?"]
[White "Ikonomopoulos, Ilias"]
[Black "Van der Meer, Heine"]
[Result "0-1"]
[WhiteElo "800"]
[BlackElo "1559"]
[PlyCount "78"]
[EventDate "2014.05.16"]
[EventType "tourn (corr)"]
[EventRounds "4"]
[EventCountry "GER"]
[SourceTitle "Corr 2022"]
[Source "ChessBase"]
[SourceDate "2021.10.24"]
[SourceVersion "1"]
[SourceVersionDate "2021.10.24"]
[SourceQuality "1"]

1. e4 d5 2. exd5 Qxd5 3. Nc3 Qa5 4. d4 c6 5. Bc4 Nf6 6. Bd2 Qc7 7. Nf3 Bf5 8. Ne5 e6 9. Qe2 Nbd7 10. 0-0-0 Bd6 11. g4 Bg6 12. Rhe1 Bxe5 13. dxe5 Nd5 14. f4 Nxc3 15. Bxc3 0-0-0 16. Rd6 Nb6 17. Rxd8+ Rxd8 18. Ba5 Qd7 19. Bb3 Qd4 20. Qe3 Qxe3+ 21. Rxe3 Nd5 22. Bxd5 Rxd5 23. Bb4 Rd4 24. Bf8 Rxf4 25. h3 Rf1+ 26. Kd2 Rb1 27. Rb3 Rh1 28. Bxg7 Rh2+ 29. Ke3 Bxc2 30. Rc3 Rxh3+ 31. Kf4 Rh2 32. Kg3 Re2 33. Kf3 Rd2 34. Ke3 Rh2 35. Ra3 Bd1 36. Rxa7 Kb8 37. Ra3 Rxb2 38. g5 Rg2 39. Bf6 Rg3+ 0-1

[Event "ZN-2014-0-02720"]
[Site "LSS email"]
[Date "2014.05.16"]
[Round "?"]
[White "Ikonomopoulos, Ilias"]
[Black "Linart, Jakub"]
[Result "1-0"]
[WhiteElo "1079"]
[BlackElo "595"]
[PlyCount "40"]
[EventDate "2014.05.13"]
[EventType "match (corr)"]
[EventRounds "2"]
[EventCountry "GER"]
[SourceTitle "Telechess CBM 167"]
[Source "ChessBase"]
[SourceDate "2015.07.13"]
[SourceVersion "1"]
[SourceVersionDate "2015.07.13"]
[SourceQuality "1"]

1. e4 e5 2. Nf3 d6 3. d4 Nf6 4. Nc3 Nc6 5. Bc4 Qd7 6. 0-0 Na5 7. Bb5 c6 8. Be2 Be7 9. dxe5 dxe5 10. Nxe5 Qe6 11. Nf3 0-0 12. e5 Ng4 13. Bd3 Nxe5 14. Nxe5 Qxe5 15. Re1 Qc5 16. a3 Qd6 17. b4 Bf6 18. Bb2 b5 19. Bxh7+ Kxh7 20. Qxd6 Bb7 1-0

[Event "ZN-2014-0-02694"]
[Site "LSS email"]
[Date "2014.04.27"]
[Round "?"]
[White "Ikonomopoulos, Ilias"]
[Black "Lauer, Fredric"]
[Result "0-1"]
[WhiteElo "1079"]
[BlackElo "1015"]
[PlyCount "122"]
[EventDate "2014.04.25"]
[EventType "match (corr)"]
[EventRounds "2"]
[EventCountry "GER"]
[SourceTitle "Telechess CBM 167"]
[Source "ChessBase"]
[SourceDate "2015.07.13"]
[SourceVersion "1"]
[SourceVersionDate "2015.07.13"]
[SourceQuality "1"]

1. e4 c5 2. Nf3 Nc6 3. Bb5 e6 4. 0-0 Nge7 5. c3 a6 6. Ba4 b5 7. Bc2 Bb7 8. Qe2 Ng6 9. d4 cxd4 10. cxd4 Be7 11. Nc3 0-0 12. a3 d5 13. e5 Rc8 14. Be3 Nh4 15. Nxh4 Bxh4 16. Qh5 g6 17. Qg4 Be7 18. h4 h5 19. Qf3 Bxh4 20. Qf4 Rc7 21. Qh6 Qe8 22. g3 Bd8 23. Ne2 Ne7 24. Bd3 Nf5 25. Bxf5 exf5 26. Rac1 Rxc1 27. Rxc1 Qd7 28. Nf4 Qe7 29. e6 Qg5 30. exf7+ Rxf7 31. Qxg6+ Qxg6 32. Nxg6 Kg7 33. Ne5 Rc7 34. Rxc7+ Bxc7 35. Nd3 Bd6 36. Nc5 Bc8 37. Kf1 Kf6 38. Ke2 Bf8 39. b3 Bd6 40. b4 Bc7 41. Kf3 Bd6 42. Nd3 Bd7 43. Bf4 Be7 44. Be5+ Kf7 45. Nf4 h4 46. gxh4 Bxh4 47. Nxd5 Bc6 48. Kf4 Bxd5 49. Kxf5 Bxf2 50. Bh8 Bb7 51. Ke5 Ke7 52. Bf6+ Kd7 53. Bg5 Bg3+ 54. Bf4 Bxf4+ 55. Kxf4 Kd6 56. Ke3 Kd5 57. Kd3 Bc8 58. Kc3 Bf5 59. a4 Be4 60. Kb3 Kxd4 61. Ka3 Kc3 0-1

[Event "BI-2014-P-0000"]
[Site "LSS email"]
[Date "2014.04.19"]
[Round "?"]
[White "Ikonomopoulos, Ilias"]
[Black "Owens, Johnny"]
[Result "1-0"]
[WhiteElo "800"]
[BlackElo "2004"]
[PlyCount "25"]
[EventDate "2014.04.25"]
[EventType "tourn (corr)"]
[EventRounds "10"]
[EventCountry "GER"]
[SourceTitle "Corr 2022"]
[Source "ChessBase"]
[SourceDate "2021.10.24"]
[SourceVersion "1"]
[SourceVersionDate "2021.10.24"]
[SourceQuality "1"]

1. d4 e6 2. c4 d5 3. Nc3 Nf6 4. Bg5 Nbd7 5. e3 c6 6. Nf3 h6 7. Bh4 Be7 8. Qc2 0-0 9. Rd1 b6 10. cxd5 cxd5 11. Bd3 Bb7 12. 0-0 Rc8 13. Qb1 1-0

[Event "OP-2014-0-03360"]
[Site "LSS email"]
[Date "2014.03.30"]
[Round "?"]
[White "Ikonomopoulos, Ilias"]
[Black "Mostowik, Pawel"]
[Result "0-1"]
[WhiteElo "800"]
[BlackElo "1953"]
[PlyCount "50"]
[EventDate "2014.03.26"]
[EventType "tourn (corr)"]
[EventRounds "4"]
[EventCountry "GER"]
[SourceTitle "Corr 2022"]
[Source "ChessBase"]
[SourceDate "2021.10.24"]
[SourceVersion "1"]
[SourceVersionDate "2021.10.24"]
[SourceQuality "1"]

1. e4 c5 2. Nf3 e6 3. d4 cxd4 4. Nxd4 Nf6 5. Nc3 Nc6 6. Nxc6 bxc6 7. e5 Nd5 8. Ne4 Qc7 9. f4 Qb6 10. c4 Ne3 11. Qd3 Bb4+ 12. Bd2 0-0 13. b3 Ba6 14. Bxb4 Qxb4+ 15. Nd2 Qb6 16. Qe4 Nxf1 17. Nxf1 Bb7 18. 0-0-0 c5 19. Qe2 Bc6 20. Rd6 a5 21. h4 a4 22. Rh3 f6 23. g4 axb3 24. Rxb3 Qd8 25. Rb6 Qxb6 0-1

[Event "OP-2014-0-03360"]
[Site "LSS email"]
[Date "2014.03.30"]
[Round "?"]
[White "Ikonomopoulos, Ilias"]
[Black "Trusewicz, Aleksandra"]
[Result "0-1"]
[WhiteElo "800"]
[BlackElo "1817"]
[PlyCount "53"]
[EventDate "2014.03.26"]
[EventType "tourn (corr)"]
[EventRounds "4"]
[EventCountry "GER"]
[SourceTitle "Corr 2022"]
[Source "ChessBase"]
[SourceDate "2021.10.24"]
[SourceVersion "1"]
[SourceVersionDate "2021.10.24"]
[SourceQuality "1"]

1. e4 e5 2. Nf3 Nc6 3. d4 exd4 4. Nxd4 Bc5 5. Be3 Qf6 6. c3 Nge7 7. Bc4 Ne5 8. Be2 Qg6 9. 0-0 d6 10. f4 Qxe4 11. Bf2 Bxd4 12. cxd4 N5g6 13. Nc3 Qxf4 14. Nb5 0-0 15. Nxc7 Rb8 16. Bg3 Qe3+ 17. Kh1 Nf5 18. Bf2 Qe7 19. Rc1 Bd7 20. Nd5 Qg5 21. Bf3 Nfh4 22. Bxh4 Nxh4 23. Rc7 Qd8 24. Qb3 Kh8 25. Rxb7 Nxf3 26. Rxf3 Qc8 27. Rxb8 0-1

[Event "OP-2014-0-03345"]
[Site "LSS email"]
[Date "2014.03.20"]
[Round "?"]
[White "Hlavacek, Ladislav"]
[Black "Ikonomopoulos, Ilias"]
[Result "1-0"]
[WhiteElo "1760"]
[BlackElo "1079"]
[PlyCount "77"]
[EventDate "2014.03.16"]
[EventType "tourn (corr)"]
[EventRounds "4"]
[EventCountry "GER"]
[SourceTitle "Telechess CBM 167"]
[Source "ChessBase"]
[SourceDate "2015.07.13"]
[SourceVersion "1"]
[SourceVersionDate "2015.07.13"]
[SourceQuality "1"]

1. Nf3 d5 2. c4 d4 3. e3 Nc6 4. exd4 Nxd4 5. Nxd4 Qxd4 6. d3 e5 7. Nc3 Bc5 8. Be3 Qd6 9. Be2 Nf6 10. Nb5 Qb6 11. Bxc5 Qxc5 12. d4 exd4 13. 0-0 0-0 14. Qxd4 Qxd4 15. Nxd4 Bd7 16. Nb5 Rae8 17. Bf3 Bxb5 18. cxb5 Re5 19. a4 Ne4 20. Rfc1 Rc8 21. Rc2 Nd6 22. g3 Re7 23. Rac1 Kf8 24. Kg2 g6 25. h3 Kg7 26. Bg4 f5 27. Bf3 Kf6 28. Rc5 Kg7 29. Bd5 Kf6 30. h4 h6 31. Bf3 g5 32. hxg5+ hxg5 33. Rh1 Kg6 34. g4 f4 35. Rh5 Rce8 36. Rcxg5+ Kf6 37. Rc5 Kg6 38. Bd1 Ne4 39. Bc2 1-0

[Event "OP-2014-0-03345"]
[Site "LSS email"]
[Date "2014.03.20"]
[Round "?"]
[White "Ikonomopoulos, Ilias"]
[Black "Lauer, Fredric"]
[Result "1-0"]
[WhiteElo "1079"]
[BlackElo "1015"]
[PlyCount "61"]
[EventDate "2014.03.16"]
[EventType "tourn (corr)"]
[EventRounds "4"]
[EventCountry "GER"]
[SourceTitle "Telechess CBM 167"]
[Source "ChessBase"]
[SourceDate "2015.07.13"]
[SourceVersion "1"]
[SourceVersionDate "2015.07.13"]
[SourceQuality "1"]

1. e4 b6 2. d4 e6 3. Nf3 Bb7 4. Bd3 c5 5. c3 cxd4 6. cxd4 d5 7. e5 Bb4+ 8. Bd2 Qe7 9. Nc3 Nc6 10. 0-0 Rc8 11. Nb5 Bxd2 12. Nd6+ Kd8 13. Nxc8 Kxc8 14. Qxd2 Kb8 15. a3 Nh6 16. b4 f5 17. exf6 Qxf6 18. Be2 Ka8 19. Rac1 Nf5 20. Rfd1 Rd8 21. Bb5 Nce7 22. Ne5 Ng6 23. Nxg6 Qxg6 24. Qf4 h6 25. Qc7 Rc8 26. Qf4 Rd8 27. Rc7 Nd6 28. Bd3 Qh5 29. g4 Qh3 30. Rxg7 e5 31. Qxe5 1-0